Normal view
MARC view
Entry Topical Term
001 - CONTROL NUMBER
- control field: 665014
003 - CONTROL NUMBER IDENTIFIER
- control field: OSt
005 - DATE AND TIME OF LATEST TRANSACTION
- control field: 20221006153712.0
008 - FIXED-LENGTH DATA ELEMENTS
- fixed length control field: 221006|| aca||aabn | a|a d
040 ## - CATALOGING SOURCE
- Original cataloging agency: OSt
- Transcribing agency: OSt
150 ## - HEADING--TOPICAL TERM
- Topical term or geographic name entry element: Tendai Sect - relations - history
670 ## - SOURCE DATA FOUND
- Source citation: Work cat.: (OSt)1101174: Stone Jacqueline I. Au. 592141, Origional Enlightenment and the transformation of medieval Japanese Buddhism, 1999
